Přenos informace

Salvato in:
Dettagli Bibliografici
Autori principali: Kocourek, Petr (Autore), Novák, Jiří (Autore)
Natura: Libro
Lingua:ceco
Pubblicazione: Praha : České vysoké učení technické v Praze, 2004
Soggetti:
Tags: Aggiungi Tag
Nessun Tag, puoi essere il primo ad aggiungerne!!

MARC

LEADER 00000nam a22000003a 4500
001 stu92071
005 20150617225621.5
008 041213s2004----xr------------------cze-d
020 |a 80-01-02892-5 
040 |a STU  |b slo 
041 0 |a cze 
044 |a xr 
080 |a 621.397 
080 |a 681.327.8 
080 |a 519.683.5 
100 1 |a Kocourek, Petr  |4 aut 
245 1 |a Přenos informace 
260 |a Praha :  |b České vysoké učení technické v Praze,  |c 2004 
300 |a 164 s 
650 7 |a prenos dát  |2 stusub 
650 7 |a distribuované systémy  |2 stusub 
700 1 |a Novák, Jiří  |4 aut 
996 |b 284EK85504  |c E*85504  |l EE01  |s A  |a 24  |w stu92071_0001